Central Library OPAC University of Rajshahi

Linear circuits : (Record no. 14389)

MARC details
000 -LEADER
fixed length control field 00928cam a22002771 4500
001 - CONTROL NUMBER
control field 14389
003 - CONTROL NUMBER IDENTIFIER
rucl marc code BD-RjUL
005 - DATE AND TIME OF LATEST TRANSACTION
control field 20211208235623.0
008 - FIXED-LENGTH DATA ELEMENTS--GENERAL INFORMATION
fixed length control field 140205s1960 maua 001 0 eng
035 ## - SYSTEM CONTROL NUMBER
System control number (BD-RjUL)14441
040 ## - CATALOGING SOURCE
Original cataloging agency DLC
Transcribing agency DLC
Modifying agency DLC
-- BD-RjUL
Language of cataloging eng
041 ## - LANGUAGE CODE
Language code of text/sound track or separate title eng
082 00 - DEWEY DECIMAL CLASSIFICATION NUMBER
Classification number 537.6
Author mark and year SCL 1964
100 1# - MAIN ENTRY--PERSONAL NAME
Personal name Scott, Ronald E.
9 (RLIN) 43535
245 10 - TITLE STATEMENT
Title Linear circuits :
Remainder of title With the editorial assistance of Martin W. Essigman /
Statement of responsibility, etc. Ronald E. Scott
260 ## - PUBLICATION, DISTRIBUTION, ETC. (IMPRINT)
Place of publication, distribution, etc. Reading, Mass. :
Name of publisher, distributor, etc. Addison-Wesley Pub. Co. ,
Date of publication, distribution, etc. c1960 [ Reprinted 1964].
300 ## - PHYSICAL DESCRIPTION
Pagination xii, 928 p. :
Illustrations ill. ;
Size 24 cm.
490 0# - SERIES STATEMENT
Series statement Addison-Wesley series in the engineering sciences
504 ## - BIBLIOGRAPHY, ETC. NOTE
Bibliography, etc Includes index.
505 0# - FORMATTED CONTENTS NOTE
Formatted contents note pt. 1. Time-domain analysis--pt. 2. Frequency-domain analysis.
650 #0 - SUBJECT ADDED ENTRY--TOPICAL TERM
Topical term or geographic name as entry element Electric circuits, Linear.
9 (RLIN) 43536
Topical term or geographic name as entry element Time-domain analysis.
9 (RLIN) 43537
942 ## - ADDED ENTRY ELEMENTS (KOHA)
Source of classification or shelving scheme Dewey Decimal Classification
Koha item type Books
Holdings
Lost status Source of classification or shelving scheme Damaged status Not for loan Collection code Permanent Location Current Location Shelving location Date acquired Source of acquisition Cost, normal purchase price Total Checkouts Full call number Date last seen Copy number Koha item type
  Dewey Decimal Classification     Non-fiction Central Library, University of Rajshahi Central Library, University of Rajshahi   16/06/1975 johanthan wren and co. 4.95   537.6 SCL 1964 05/02/2014 C-2 Books